Changing Contexts, Changing Customs; (Record no. 210523)

MARC details
000 -LEADER
fixed length control field 00802nam a22002177a 4500
005 - DATE AND TIME OF LATEST TRANSACTION
control field 20250326151548.0
010 ## - LCCN (DPL NO)
LC control number ENG-144281
020 ## - INTERNATIONAL STANDARD BOOK NUMBER
International Standard Book Number 9788194357834
Terms of availability 250.00
035 ## - SYSTEM CONTROL NUMBER
System control number EN-127813
037 ## - SOURCE OF ACQUISITION
Source of stock number/acquisition DBAD
082 ## - DEWEY DECIMAL CLASSIFICATION NUMBER
Classification number 954.56
Edition number 1
100 ## - MAIN ENTRY--PERSONAL NAME
Personal name Pereira, Melvil
245 ## - TITLE STATEMENT
Title Changing Contexts, Changing Customs;
Remainder of title The Halams of Tripura/
Statement of responsibility, etc Melvil Pereira....[et al.]
250 ## - EDITION STATEMENT
Edition statement 1
260 ## - PUBLICATION, DISTRIBUTION, ETC. (IMPRINT)
Place of publication, distribution, etc GUWAHATI
Name of publisher, distributor, etc North Eastern Social Research Centre
Date of publication, distribution, etc 2019
270 ## - ADDRESS
Address Jagriti, (2nd floor) Arunodoi Path, GMCH Road, Christian Basti
City Guwahati
Postal code 781005
Electronic mail address nesrcghy@gmail.com
300 ## - PHYSICAL DESCRIPTION
Extent 228p.
Dimensions 21cm(pb)
490 ## - SERIES STATEMENT
Series statement Women and Tribal Customary Law Series
Volume number/sequential designation 6
700 ## - ADDED ENTRY--PERSONAL NAME
Personal name Jyotikona Chetia, Jekap Halam, [and] Jaya Rupini
Relator term Author
9 (RLIN) 79478
942 ## - ADDED ENTRY ELEMENTS (KOHA)
Source of classification or shelving scheme Dewey Decimal Classification
Item type English Books
Call number suffix PER
Classification part 954.56
Holdings
Withdrawn status Lost status Not for loan Collection code Home library Current library Date acquired Source of acquisition Cost, normal purchase price Full call number Barcode Copy number Cost, replacement price Koha item type
    Not For Loan Non-fiction D.B.Act.Division D.B.Act.Division 26/03/2025 DBAD 250.00 PER 954.56 EN-127813 1 250.00 English Books

© Delhi Public Library
Hit Counter
free hit counter